| 000 | 01048nam a2200253Ia 4500 | ||
|---|---|---|---|
| 001 | 248.3-DAN yv ci (1758) | ||
| 003 | IT-MiSPE | ||
| 008 | 171229s9999||||xx |||||||||||||| ||und|| | ||
| 040 |
_aIT-MiSPE _cIT-MiSPE |
||
| 041 | _aITALIANO | ||
| 100 | _aYvan Daniel | ||
| 240 | _aLe Ciel, c'est les autres | ||
| 245 | 0 | _aIl Cielo sono gli altri | |
| 250 | _a1a ed. (v) | ||
| 260 |
_aRoma _bAVE _c1966 |
||
| 300 |
_a246 p. _c18 cm |
||
| 490 |
_aAlla ricerca di Dio _v2 |
||
| 501 | _aEdizioni San Paolo srl - Piazza Soncino, 5 - 20092 CINISELLO BALSAMO (MI) (non commercial uses only) ® Copyright 2018 | ||
| 700 |
_aA.P., R.B. _g(traduzione) |
||
| 700 | _aGilbert Le Mouël | ||
| 942 | _cBK | ||
| 957 | _71 | ||
| 999 |
_a11795 _bNO _g Copie: 1 _c342804 _d342804 |
||